World’s 10 most popular Sports - Statistics

General Stats
  • This quiz has been taken 92 times
  • The average score is 8 of 10
Answer Stats
Fans Sport % Correct
4.0 billion Football
99%
2.2 billion Basketball
95%
535 million Baseball
85%
2.6 billion Cricket
85%
1.3 billion Tennis
80%
475 million Rugby
77%
2.0 billion Hockey
73%
450 million American Football
62%
935 million Volleyball
57%
875 million Table Tennis
41%
No matching quizzes found
Score Distribution
Percent of People with Each Score
Percentile by Number Answered
Your Score History
You have not taken this quiz